000
00300 a2200145 4500
001
155107
040
_c
Escola São Tomás de Aquino
100
_a
CAMPBELL, Colin
240
1
0
_a
Achieve 1
_l
por
245
1
0
_a
Achieve 1
300
_a
84
362
0
_a
201
697
_a
Língua inglesa
942
_c
BK
999
_c
155107
_d
155107